Responses for show #8432 - Tuesday, June 29, 2021

Courtney Shah game 2.
Champion's winnings & consolation amounts matched to Odyssey Atlanta.

Contestants

[<< previous game]

Xiao Stroming, a homemaker from Kildeer, Illinois

Jay Morris, a senior client consultant from San Rafael, California

Courtney Shah, a community college instructor from Portland, Oregon (whose 1-day cash winnings total $15,400)

[next game >>]

Jeopardy! Round responses

MONUMENTS & MEMORIALS
ANAGRAMS OF EACH OTHER
A NON-ALCOHOLIC CATEGORY
POP CULTURE RELATIVES?
(Sanjay: We're gonna need first and last names, just like James and Charlie Brown for that one.)
SO CLOSE...
HERE'S YOUR CONSTELLATION PRIZE
    $200 1
the Pyramids

Jay
    $200 25
tire & rite

Courtney
    $200 24
a gin

Courtney
    $200 10
Indiana & Bridget Jones

Courtney
    $200 11
thieves

Courtney
    $200 23
an eagle

Triple Stumper
    $400 6
a weeping willow

Courtney
    $400 27
acre & race

Xiao
    $400 18
Kellogg's

Xiao
    $400 4
Steve & Fred Rogers

Jay
    $400 12
bumper to bumper

Jay
    $400 19
Aries

Courtney
    $600 7
Edison

Jay
    $600 28
inch & chin

Courtney
    $600 17
a fresco

Courtney
    $600 3
Mariah & Drew Carey

Triple Stumper
    $1,600 13
(Sanjay: The third kind is actually seeing the actual occupants.)

a close encounter

Jay
    $600 20
an arrow

Courtney
    $800 9
Ho Chi Minh

Xiao
    $800 29
gander & danger

Courtney
    $800 8
figure skating

Courtney
    $800 2
Tony Hannah Montana

Xiao
    $800 14
(Courtney: Oh... what is win by a nose?)

a photo finish

CourtneyJay
    $800 21
the Argo

Jay
    $1000 26
(Andrew) Jackson

Courtney
    $1000 30
a hare & a rhea

Triple Stumper
    $1000 16
hunting

Triple Stumper
    $1000 5
(Xiao: Who are Jonathan and Drew Scott?)

Jonathan, Drew & Michael Scott

CourtneyXiao
    $1000 15
an angstrom

Triple Stumper
    $1000 22
(Jay: Who is Aeschylus?)
(Courtney: Who is Caduceus?)

Aesculapius

CourtneyJay
Triple Stumper

Scores at the first commercial break (after clue 15):

Courtney Jay Xiao
$1,800 $4,000 $600

Scores at the end of the Jeopardy! Round:

Courtney Jay Xiao
$5,200 $3,800 $1,400

Double Jeopardy! Round responses

PAST LIVES
MEDITERRANEAN GEOGRAPHY
LIT-POURRI
AVIATION
FORE! NO, 5 GOLF MOVIES
OK, YOU CAN "BOO"!
(Sanjay: Responses all have to start with "boo".)
    $400 11
the Green Mountain Boys

Jay
    $400 25
Tunisia

Courtney
    $400 10
(Charles) Dickens

Courtney
    $400 26
Alaska Air

Courtney
    $400 5
Bagger Vance

Xiao
    $400 20
boomerang

Courtney
    $800 13
(Howard) Hughes

Jay
    $2,000 21
the Strait of Gibraltar

Courtney
    $2,000 6
(Xiao: Uh, what is Walden?)
...
(Sanjay: It was his theory of non-violent resistance.)

Civil Disobedience

Xiao
    $800 27
(Jay: What are balloons?)

kites

Jay
Triple Stumper
    $800 1
Bill Murray

Courtney
    $800 16
Boot Hill

Triple Stumper
    $1200 17
fifth column

Triple Stumper
    $1200 22
Riviera

Jay
    $1200 7
(Courtney: What is The Secret Garden?)

A Little Princess

Courtney
Triple Stumper
    $1200 28
[The end-of-round signal sounds.]

cruising

Jay
    $1200 2
(Bobby) Jones

Xiao
    $1200 15
[Laughter as Courtney gave her response with gusto]

boo-yah!

Courtney
    $1600 18
Roebling

Triple Stumper
    $1600 23
Albania

Triple Stumper
    $1600 8
Ethan Frome

Jay
    $1600 3
(Kevin) Costner

Jay
    $1600 12
boorish

Courtney
    $2000 19
the Dominican Republic

Courtney
    $2000 24
(Sanjay: We have less than a minute.)

Crete

Xiao
    $2000 9
E.L. Doctorow

Xiao
    $2000 4
(Jerry) Lewis

Xiao
    $2000 14
Boolean

Jay

Scores at the end of the Double Jeopardy! Round:

Courtney Jay Xiao
$13,200 $11,800 $7,000

[wagering suggestions for these scores]

Final Jeopardy! Round responses

COLORS & HISTORY
(Sanjay: [To Courtney] The Franco-Prussian War.)
XiaoWhat is Britain & France?
$6,201
JayWhat is Indigo & ?
$11,799
CourtneyWhat are France and Prussia?
$10,500
France & Prussia

Final scores:

Courtney Jay Xiao
$23,700 $1 $799
2-day champion: $39,100 3rd place: $1,000 2nd place: $2,000

Game dynamics:

Coryat scores:

Courtney Jay Xiao
$12,000 $10,800 $9,000
22 R
(including 1 DD),
3 W
14 R
(including 1 DD),
2 W
9 R,
2 W
(including 1 DD)

Combined Coryat: $31,800

The J! Archive is created by fans, for fans. The Jeopardy! game show and all elements thereof, including but not limited to copyright and trademark thereto, are the property of Jeopardy Productions, Inc. and are protected under law. This website is not affiliated with, sponsored by, or operated by Jeopardy Productions, Inc. Join the discussion at JBoard.tv.